Environmental assessment (Record no. 116006)

MARC details
000 -LEADER
fixed length control field 01553cam a22002895a 4500
001 - CONTROL NUMBER
control field L159566
008 - FIXED-LENGTH DATA ELEMENTS--GENERAL INFORMATION
fixed length control field 170912s1990 xxk f 000 0 eng d
020 ## - INTERNATIONAL STANDARD BOOK NUMBER
International Standard Book Number 9781138254817
035 ## - SYSTEM CONTROL NUMBER
System control number (Sirsi) u159566
041 ## - LANGUAGE CODE
Language code of text/sound track or separate title eng
050 ## - LIBRARY OF CONGRESS CALL NUMBER
Classification number 711.1 $2 18
100 ## - MAIN ENTRY--PERSONAL NAME
Personal name Fortlage, C. A.
245 ## - TITLE STATEMENT
Title Environmental assessment
Remainder of title a practical guide
260 ## - PUBLICATION, DISTRIBUTION, ETC.
Place of publication, distribution, etc. Abingdon
Name of publisher, distributor, etc. Routledge
Date of publication, distribution, etc. 1990
300 ## - PHYSICAL DESCRIPTION
Extent 168p.
350 ## - PRICE (NR) (BK AM CF MU VM SE) [OBSOLETE]
Price 34.99
505 2# - FORMATTED CONTENTS NOTE
Formatted contents note Environmental Assessment past and present -- Legislation -- Schedules 1, 2, and 3 -- Management -- The Environmental Assessment Programme -- The Environmental Statement: schedule 3 information -- Qualitative assessment techniques -- Conclusion
520 ## - SUMMARY, ETC.
Summary, etc. An essential guide to the process, reviewing the history and background to assessment, summarizing the current legislation and providing useful advice on the skills and management techniques needed for a successful environmental assessment project. Environmental assessment is a means of counteracting, foreseeing and controlling interference in the environment. All new major developments in Europe and North America are now subjects of scrutiny to prevent them from causing significant harmful effects to the land, sea or air.
650 ## - SUBJECT ADDED ENTRY--TOPICAL TERM
Topical term or geographic name entry element ENVIRONMENTAL ASSESSMENT
650 ## - SUBJECT ADDED ENTRY--TOPICAL TERM
Topical term or geographic name entry element QUALITY ASSURANCE
650 ## - SUBJECT ADDED ENTRY--TOPICAL TERM
Topical term or geographic name entry element STRATEGIC ENVIRONMENTAL ASSESSMENT
650 24 - SUBJECT ADDED ENTRY--TOPICAL TERM
Topical term or geographic name entry element ENVIRONMENTAL IMPACT ANALYSIS
650 24 - SUBJECT ADDED ENTRY--TOPICAL TERM
Topical term or geographic name entry element BUILT ENVIRONMENT-SUSTAINABLE CONSTRUCTION
651 #4 - SUBJECT ADDED ENTRY--GEOGRAPHIC NAME
Geographic name ENGLAND AND WALES
690 ## - LOCAL SUBJECT ADDED ENTRY--TOPICAL TERM (OCLC, RLIN)
Topical term or geographic name as entry element Planning and development
9 (RLIN) 6259
942 ## - ADDED ENTRY ELEMENTS (KOHA)
Suppress in OPAC 0
Holdings
Withdrawn status Lost status Source of classification or shelving scheme Damaged status Not for loan Home library Current library Shelving location Date acquired Total Checkouts Full call number Barcode Date last seen Copy number Price effective from Koha item type
    Dewey Decimal Classification     London London Books 12/09/2017   711.1 FOR 30078582 06/08/2019 1 06/08/2019 Book